Loading...

Handbook of strategy and management

Bibliographic Details
Other Authors: Pettigrew, Andrew (Editor), Thomas, Howard Whittington, Richard
Format: Printed Book
Language:English
Published: London Sage Publications 2001
Subjects:
LEADER 00699nam a2200253 a 4500
001 adlib96000001
003 ViArRB
005 20151026131910.0
008 960221s1955 dcuabcdjdbkoqu001 0deng d
020 |a 0-7619-5893-2 
022
040 |a Adlib 
082 |a 658.5 
245 |a Handbook of strategy and management 
250
260 |a London  |b Sage Publications  |c 2001 
300 |a vi,519p. 
500 |a   
100 |a Pettigrew, Andrew  |e Editor 
700 |a Thomas, Howard  |a Whittington, Richard 
942 |c REF  |6 _ 
653 |a Strategic management 
999 |c 37599  |d 37599 
952 |0 0  |1 0  |4 0  |6 6585_PET  |7 0  |9 49361  |a UL  |b UL  |d 2010-06-16  |o 658.5 PET  |p 00048812  |r 2010-06-16  |w 2010-06-16  |y REF